| 000 | 00573nam a2200205Ia 4500 | ||
|---|---|---|---|
| 003 | OSt | ||
| 005 | 20241127140618.0 | ||
| 008 | 210210b1944 xxu||||| |||| 00| 0 eng d | ||
| 040 | _cAL | ||
| 041 | _aHindi | ||
| 082 | _a869/58 | ||
| 100 |
_aSABHA (D B H P) _9145339 _dसभा (डी बी हेच पि). |
||
| 245 |
_aMadhu manjari _bमधु मंजरी |
||
| 260 |
_aMadras _bDakshin Bharat Hindi Prachar Sabha _c1944 |
||
| 650 |
_amanjari _9145340 |
||
| 650 |
_aMadhu _9145341 |
||
| 690 |
_aHindi Fiction _9145342 |
||
| 906 | _a023857 | ||
| 942 |
_2ddc _cBK |
||
| 999 |
_c148822 _d148822 |
||